| 000 | 00450nam a22001817a 4500 | ||
|---|---|---|---|
| 003 | CEME | ||
| 005 | 20210628204147.0 | ||
| 008 | 210112b xxu||||| |||| 00| 0 eng d | ||
| 020 | _a9788126523429 | ||
| 040 | _cceme | ||
| 082 | _a621.392 VAH | ||
| 100 |
_aVahid, Frank _969025 |
||
| 245 | _aDigital design , preview edition | ||
| 260 |
_aINDIA _bWILEY INDIA _c2012 |
||
| 300 | _aXII, 540P | ||
| 650 |
_aDIGITAL DESIGN. _969026 |
||
| 942 |
_cBK _2ddc |
||
| 999 |
_c576449 _d576449 |
||